Language Quiz

Random Language or War Quiz

War Idioms Quiz Stats

 Plays Quiz Updated Mar 7, 2019

Score 0/20 Timer 05:00
3 Plays Today
% Correct
The pen is mightier than the sword
94.1%
Knight in shining armour
93.8%
Shoot the messenger
93.7%
Loose cannon
91.9%
Friendly fire
91.7%
Bury the hatchet
91.3%
Open old wounds
91.2%
Jump the gun
91%
Turf war
90.6%
Drop a bombshell
90.5%
% Correct
Dodge the bullet
89.4%
All's fair in love and war
88.8%
Fight a losing battle
88.5%
War of nerves
88.2%
Pyrrhic victory
86.6%
Bring a knife to a gunfight
86.6%
Pull the trigger
85.7%
Fight fire with fire
85.4%
An arrow in the quiver
83.2%
Keep one's powder dry
80%

You're not logged in!

Compare scores with friends on all Sporcle quizzes.
OR
Log In

Sporcle TV

Today on Sporcle TV


Watch our educational content, quiz creation guides, and fun videos on Sporcle TV.

Show Comments

Extras

Top Quizzes Today


Score Distribution

Your Account Isn't Verified!

In order to create a playlist on Sporcle, you need to verify the email address you used during registration. Go to your Sporcle Settings to finish the process.

Report this User

Report this user for behavior that violates our Community Guidelines.

Details: